Emmy Winners for Best Actress in a Comedy Series Since 2000 - Statistics

General Stats
  • This quiz has been taken 230 times
    10 since last reset
  • The average score is 20 of 26
Answer Stats
Year Program Actor % Correct
2002 Friends Jennifer Aniston
100%
2017 Veep Julia Louis-Dreyfus
100%
2016 Veep Julia Louis-Dreyfus
100%
2015 Veep Julia Louis-Dreyfus
100%
2014 Veep Julia Louis-Dreyfus
100%
2013 Veep Julia Louis-Dreyfus
100%
2012 Veep Julia Louis-Dreyfus
100%
2006 The New Adventures of Old Christine Julia Louis-Dreyfus
100%
2008 30 Rock Tina Fey
100%
2004 Sex and the City Sarah Jessica Parker
89%
2011 Mike & Molly Melissa McCarthy
78%
2019 Fleabag Phoebe Waller-Bridge
78%
2007 Ugly Betty America Ferrera
67%
2020 Schitt's Creek Catherine O'Hara
67%
2003 Will & Grace Debra Messing
67%
2010 Nurse Jackie Edie Falco
67%
2025 Hacks Jean Smart
67%
2024 Hacks Jean Smart
67%
2022 Hacks Jean Smart
67%
2021 Hacks Jean Smart
67%
2023 Abbott Elementary Quinta Brunson
67%
2009 United States of Tara Toni Collette
67%
2005 Desperate Housewives Felicity Huffman
56%
2001 Everybody Loves Raymond Patricia Heaton
56%
2000 Everybody Loves Raymond Patricia Heaton
56%
2018 The Marvelous Mrs. Maisel Rachel Brosnahan
44%
No matching quizzes found
Score Distribution
Percent of People with Each Score
Percentile by Number Answered
Your Score History
You have not taken this quiz since the last reset